| 000 | 00583nam a22002177a 4500 | ||
|---|---|---|---|
| 999 |
_c12044 _d12044 |
||
| 001 | 12044 | ||
| 003 | BD-JhCC | ||
| 005 | 20211129134020.0 | ||
| 008 | 210309s2013 ii |||| |||| 000 0 eng d | ||
| 035 | _a(BD-JhCC)12044 | ||
| 040 |
_aBD-JhCC _dBD-JhCC |
||
| 041 | _aeng | ||
| 082 |
_a808.5 _bCAR 2013 |
||
| 100 | _aCarnegie, Dale | ||
| 245 |
_aThe art of public speaking / _cDale Carnegie and Joseph Berg Esenwein |
||
| 260 |
_aNew Delhi : _bMG Book, _c2013. |
||
| 300 |
_a384 p. : _c22 cm. |
||
| 650 | _aPublic speaking | ||
| 700 | _aEsenwein, Joseph Berg | ||
| 942 |
_2ddc _cBK _05 |
||